000 00477nam a2200169 i 4500
001 80933
003 ES-MaACL
005 20230906174330.0
007 t|
008 041102s1935 xxk ||||1| eng d
100 1 _aHoward, Elías.
_964383
245 1 4 _aThe nature of a birds world /
_cby Elías Howard.
260 _aCambridge :
_bUniversity Press,
_c1935 (
_fWalter Lewis)
300 _aVI, 102 p. ;
_c23 cm.
650 4 _aOrnitología.
_9136637
852 _aES-MaACL
_jA-1972
999 _c80933
_d80933